Statistics for ♫ "100 Bad Days" - Lyrics - AJR ♫

Click here to take the quiz!

General Stats

  • This quiz has been taken 20 times
  • The average score is 292 of 363

Answer Stats

Lyric% Correct
A
100%
a
100%
(Ah)
100%
bad
95%
da,
95%
da
95%
days
95%
good
95%
hundred
95%
I
95%
La-da-da-da-da-da-da-da-da-da-da,
95%
me
95%
stories
95%
make
89%
parties,
89%
parties
89%
you
89%
and
84%
at
84%
no
84%
No,
84%
of
84%
scared
84%
We
84%
we?
84%
we
84%
broke
79%
interesting
79%
lucky
79%
made
79%
more
79%
Oh
79%
one
79%
Remember
79%
to
79%
When
79%
when
79%
ain't
74%
aint
74%
do?
74%
dumb,
74%
felt
74%
is
74%
my
74%
so
74%
thumbs
74%
up
74%
all
68%
as
68%
drunk?
68%
ended
68%
God,
68%
got
68%
heart
68%
hell
68%
two
68%
Who
68%
with
68%
yeah
68%
going
63%
gonna
63%
she
63%
tell?
63%
What
63%
wrong
63%
your
63%
alone,
58%
it
58%
Maybe
58%
show
58%
song
58%
wrote
58%
bit
53%
for
53%
hard
53%
knows
53%
return
53%
that
53%
the
53%
Waitin'
53%
you're
53%
card?
47%
Only
47%
played
47%
showed
47%
waiter
47%
work
47%
could
42%
far
42%
get
42%
had
42%
just
42%
little
42%
about
37%
couldn't
37%
down
37%
guard,
37%
laugh
37%
less
37%
let
37%
Right
37%
goes
32%
tomorrow,
32%
this
26%
like
21%
Screw
16%
thing,
16%

Score Distribution

Percentile by Number Answered

Percent of People with Each Score

Your Score History

You have not taken this quiz